Malaysia incorporated
1. On course to achieving fully industrialised status; 2.The Malaysia incorporated concept; 3. Collaborating for greater growth; ...
Na minha lista:
| Formato: | Livro |
|---|---|
| Idioma: | Undetermined |
| Publicado em: |
Kuala Lumpur, Malaysia
Limkokwing Integrated
1995
|
| Assuntos: | |
| Tags: |
Adicionar Tag
Sem tags, seja o primeiro a adicionar uma tag!
|
| Thư viện lưu trữ: | Trung tâm Học liệu Trường Đại học Cần Thơ |
|---|
| LEADER | 00642nam a2200181Ia 4500 | ||
|---|---|---|---|
| 001 | CTU_226616 | ||
| 008 | 210402s9999 xx 000 0 und d | ||
| 082 | |a 338.9595 | ||
| 082 | |b M239 | ||
| 245 | 0 | |a Malaysia incorporated | |
| 260 | |a Kuala Lumpur, Malaysia | ||
| 260 | |b Limkokwing Integrated | ||
| 260 | |c 1995 | ||
| 520 | |a 1. On course to achieving fully industrialised status; 2.The Malaysia incorporated concept; 3. Collaborating for greater growth; ... | ||
| 650 | |a Investments, Foreign,Đầu tư nước ngoài | ||
| 650 | |z Malaysia,Malaysia | ||
| 910 | |b nthai | ||
| 980 | |a Trung tâm Học liệu Trường Đại học Cần Thơ | ||